[Event "CAN op"]
[Site "Calgary CAN"]
[Date "2023.07.23"]
[Round "3.60"]
[White "Wong, Ford"]
[Black "Sklenka, Steve"]
[Result "1-0"]
[WhiteElo "1721"]
[BlackElo "1550"]
[PlyCount "81"]
[EventDate "2023.07.22"]
[EventType "swiss"]
[EventRounds "10"]
[EventCountry "CAN"]

1. d4 d5 2. c4 c6 3. Nc3 Nf6 4. Bg5 e6 5. e3 Be7 6. Nf3 O-O 7. Rc1 Nbd7 8. Bd3
h6 9. Bh4 Nh7 10. Bxe7 Qxe7 11. O-O Ng5 12. Ne5 dxc4 13. Nxc4 e5 14. Re1 e4 15.
Bb1 f5 16. f4 exf3 17. h4 f2+ 18. Kxf2 Ne4+ 19. Nxe4 fxe4+ 20. Kg1 Qxh4 21. Rf1
Rxf1+ 22. Qxf1 Nf6 23. Ne5 Be6 24. Qe2 Qg5 25. a3 Rd8 26. Re1 c5 27. Qf2 cxd4
28. exd4 Bd5 29. Qc2 Rf8 30. b4 Qg3 31. Rf1 Qe3+ 32. Kh1 Qxd4 33. Ng6 Re8 34.
Rd1 Qb6 35. Nf4 Qc6 36. Qxc6 Bxc6 37. Ba2+ Kh8 38. Kg1 g5 39. Ne6 Nd5 40. Bxd5
Bxd5 41. Nc7 1-0

[Event "CAN op"]
[Site "Calgary CAN"]
[Date "2023.07.24"]
[Round "4.2"]
[White "Nyzhnyk, Iliya"]
[Black "Dorrance, Adam"]
[Result "1-0"]
[WhiteElo "2642"]
[BlackElo "2401"]
[PlyCount "101"]
[EventDate "2023.07.22"]
[EventType "swiss"]
[EventRounds "10"]
[EventCountry "CAN"]

1. Nf3 c5 2. c4 Nc6 3. d4 cxd4 4. Nxd4 e6 5. Nc3 Bb4 6. Ndb5 Nf6 7. Bf4 O-O 8.
Bd6 Bxd6 9. Nxd6 Qb6 10. Qd2 Ne8 11. Nxe8 Rxe8 12. e3 Rd8 13. Rd1 d6 14. b3 Bd7
15. Be2 Be8 16. O-O Ne7 17. Qb2 a5 18. Rd2 Bc6 19. Rfd1 d5 20. Bf3 dxc4 21.
bxc4 Qc7 22. Nb5 Rxd2 23. Rxd2 Qb8 24. Bxc6 bxc6 25. Nd6 Qb4 26. a3 Qxb2 27.
Rxb2 c5 28. Rb7 Nc6 29. Rc7 Ne5 30. Rxc5 f6 31. f4 Ng4 32. e4 Rd8 33. Rc6 Rb8
34. Kf1 Ne3+ 35. Kf2 Nc2 36. c5 Nd4 37. Rb6 Rxb6 38. cxb6 Nc6 39. a4 Kf8 40. b7
Ke7 41. Nc4 Kd7 42. Nxa5 Nb8 43. Nb3 e5 44. fxe5 fxe5 45. Nc5+ Kc6 46. Nd3 Kxb7
47. Nxe5 Kb6 48. Ke3 Kc5 49. Kd3 Na6 50. Kc3 Nc7 51. Nd3+ 1-0

[Event "CAN op"]
[Site "Calgary CAN"]
[Date "2023.07.24"]
[Round "4.4"]
[White "Mikhalevski, Victor"]
[Black "Ng, Gary"]
[Result "1-0"]
[WhiteElo "2599"]
[BlackElo "2349"]
[PlyCount "57"]
[EventDate "2023.07.22"]
[EventType "swiss"]
[EventRounds "10"]
[EventCountry "CAN"]

1. d4 Nf6 2. c4 e6 3. Nf3 b6 4. g3 Ba6 5. Qa4 Bb7 6. Bg2 c5 7. dxc5 bxc5 8. O-O
Be7 9. Rd1 O-O 10. Nc3 Qb6 11. Bf4 d6 12. Rab1 a5 13. Qb5 Qc7 14. Qb3 Bc6 15.
Nb5 Bxb5 16. cxb5 a4 17. Qd3 Qb6 18. Bxd6 Bxd6 19. Qxd6 Qxd6 20. Rxd6 Ra5 21.
Rb6 Rd8 22. Ne5 Ra7 23. Rc1 Rc7 24. Rb7 Rcc8 25. Nxf7 Rd2 26. Bh3 Rxe2 27. Ng5
Rd8 28. Bxe6+ Kf8 29. Bc4 1-0

[Event "CAN op"]
[Site "Calgary CAN"]
[Date "2023.07.24"]
[Round "4.6"]
[White "He, Matthew"]
[Black "Komarov, Dimittri"]
[Result "0-1"]
[WhiteElo "2140"]
[BlackElo "2524"]
[PlyCount "86"]
[EventDate "2023.07.22"]
[EventType "swiss"]
[EventRounds "10"]
[EventCountry "CAN"]

1. d4 Nf6 2. c4 e6 3. Nc3 Bb4 4. Qc2 O-O 5. a3 Bxc3+ 6. Qxc3 d5 7. Bg5 c5 8.
cxd5 cxd4 9. Qxd4 Nc6 10. Qc3 Nxd5 11. Bxd8 Nxc3 12. Bh4 Na4 13. b3 Nd4 14. Rb1
Nb6 15. Be7 Re8 16. Bc5 e5 17. Bxd4 exd4 18. Rd1 Be6 19. Rxd4 Bxb3 20. Rb4 Rac8
21. f4 Rc1+ 22. Kf2 Bd5 23. Nf3 Ra1 24. g3 Bxf3 25. Kxf3 Rxa3+ 26. Kf2 Rae3 27.
Rb2 g6 28. Bg2 Na4 29. Rc2 Nc3 30. Bxb7 Rxe2+ 31. Rxe2 Rxe2+ 32. Kf3 Rb2 33.
Rc1 Rb3 34. Kg4 a5 35. Ba6 h5+ 36. Kg5 Kg7 37. Bc4 Ne4+ 38. Kh4 Rc3 39. Rxc3
Nxc3 40. g4 hxg4 41. Kxg4 f5+ 42. Kf3 a4 43. h4 a3 0-1

[Event "CAN op"]
[Site "Calgary CAN"]
[Date "2023.07.24"]
[Round "4.7"]
[White "Banerjee, Bitan"]
[Black "Soberov, Emil"]
[Result "1-0"]
[WhiteElo "2495"]
[BlackElo "2280"]
[PlyCount "75"]
[EventDate "2023.07.22"]
[EventType "swiss"]
[EventRounds "10"]
[EventCountry "CAN"]

1. c4 Nf6 2. Nc3 e6 3. e4 d5 4. e5 d4 5. exf6 dxc3 6. bxc3 gxf6 7. d4 c5 8. Nf3
f5 9. Be2 Bg7 10. O-O Nc6 11. Ba3 cxd4 12. cxd4 Nxd4 13. Rb1 Nc6 14. Qc1 Qa5
15. Qg5 Qxa3 16. Qxg7 Qf8 17. Qc3 Rg8 18. g3 Qg7 19. Qd3 Qf6 20. Qa3 Qe7 21.
Qb2 e5 22. Rfd1 f6 23. Rd5 Be6 24. Qxb7 Qxb7 25. Rxb7 Nd8 26. Rxh7 Bxd5 27.
cxd5 Nf7 28. Nh4 Rh8 29. Bb5+ Kf8 30. Ng6+ Kg8 31. Nxh8 Kxh7 32. Nxf7 Kg6 33.
Bc6 Rb8 34. Nd6 Rb1+ 35. Kg2 Rc1 36. Be8+ Kg7 37. Nxf5+ Kf8 38. Ba4 1-0

[Event "CAN op"]
[Site "Calgary CAN"]
[Date "2023.07.24"]
[Round "4.11"]
[White "Marchand, Calix"]
[Black "Reprintsev, Alexander"]
[Result "0-1"]
[WhiteElo "2101"]
[BlackElo "2320"]
[PlyCount "88"]
[EventDate "2023.07.22"]
[EventType "swiss"]
[EventRounds "10"]
[EventCountry "CAN"]

1. e4 e5 2. Nf3 Nc6 3. Bc4 Nf6 4. d4 exd4 5. O-O Nxe4 6. Re1 d5 7. Bxd5 Qxd5 8.
Nc3 Qa5 9. Nxe4 Be6 10. Neg5 O-O-O 11. Nxe6 fxe6 12. Rxe6 Be7 13. Qe2 Bf6 14.
Bd2 Qd5 15. Qe4 a5 16. a4 Nb4 17. Bxb4 axb4 18. Ne1 b3 19. cxb3 d3 20. Rd1 Qxb3
21. Rxd3 Rxd3 22. Nxd3 Rd8 23. Re8 Qd1+ 24. Ne1 Bxb2 25. Qc2 Qxc2 26. Rxd8+
Kxd8 27. Nxc2 c6 28. Kf1 Kc7 29. Ne3 Bd4 30. Nc4 b5 31. axb5 cxb5 32. Nd2 Kc6
33. Ke2 Kd5 34. f4 Bc3 35. Nb1 Kd4 36. g4 Bb4 37. f5 Ke4 38. h3 h6 39. Kf2 Kd3
40. h4 Kc2 41. h5 Kxb1 42. g5 hxg5 43. f6 gxf6 44. h6 Bf8 0-1

[Event "CAN op"]
[Site "Calgary CAN"]
[Date "2023.07.24"]
[Round "4.12"]
[White "Sasata, Robert"]
[Black "Liu, Zachary"]
[Result "0-1"]
[WhiteElo "2306"]
[BlackElo "2071"]
[PlyCount "52"]
[EventDate "2023.07.22"]
[EventType "swiss"]
[EventRounds "10"]
[EventCountry "CAN"]

1. d4 d5 2. c4 c6 3. Nc3 Nf6 4. Nf3 e6 5. Qd3 dxc4 6. Qxc4 b5 7. Qd3 a6 8. g4
c5 9. g5 cxd4 10. gxf6 dxc3 11. Qxd8+ Kxd8 12. Bg5 Ke8 13. O-O-O Nd7 14. Bg2
gxf6 15. Ne5 cxb2+ 16. Kb1 fxg5 17. Nxd7 Ra7 18. Nb8 Bb7 19. Rhg1 Bxg2 20. Rxg2
Be7 21. Kxb2 f6 22. Rg3 Kf7 23. Nc6 Rc7 24. Rc3 Rhc8 25. Rdc1 Bd6 26. e4 Ke8
0-1

[Event "CAN op"]
[Site "Calgary CAN"]
[Date "2023.07.24"]
[Round "4.13"]
[White "Khodjimatov, Sherzod"]
[Black "Bulga, Tamir"]
[Result "1-0"]
[WhiteElo "2304"]
[BlackElo "1961"]
[PlyCount "73"]
[EventDate "2023.07.22"]
[EventType "swiss"]
[EventRounds "10"]
[EventCountry "CAN"]

1. e4 c5 2. Nc3 e6 3. g3 Nc6 4. Bg2 Nf6 5. d3 d5 6. f4 Be7 7. Nf3 b5 8. e5 Nd7
9. O-O Rb8 10. Qe1 Qb6 11. f5 c4+ 12. Kh1 b4 13. fxe6 fxe6 14. Na4 Qb5 15. b3
cxd3 16. Bh3 Rf8 17. Bb2 Nb6 18. Nxb6 Qxb6 19. cxd3 Ba6 20. Rd1 Kd7 21. Rf2 g5
22. Bg4 Rh8 23. Bh5 Rbf8 24. Rdd2 Rf5 25. Qf1 Rhf8 26. Bg4 R5f7 27. Qh3 Nd8 28.
Kg2 Rg7 29. Bd4 Qb8 30. Qh6 Rfg8 31. Ne1 Rg6 32. Qxh7 R6g7 33. Qh3 Rg6 34. Rf6
Bxf6 35. exf6 Qd6 36. Qh7+ Ke8 37. Bh5 1-0

[Event "CAN op"]
[Site "Calgary CAN"]
[Date "2023.07.24"]
[Round "4.14"]
[White "Zhu, Brandon"]
[Black "Doknjas, Neil"]
[Result "1-0"]
[WhiteElo "2084"]
[BlackElo "2297"]
[PlyCount "127"]
[EventDate "2023.07.22"]
[EventType "swiss"]
[EventRounds "10"]
[EventCountry "CAN"]

1. d4 Nf6 2. c4 e6 3. Nf3 d5 4. Nc3 Be7 5. Bf4 O-O 6. e3 c5 7. dxc5 Qa5 8. a3
Bxc5 9. b4 Bxb4 10. axb4 Qxb4 11. Qc2 Ne4 12. Rc1 Bd7 13. Be2 b5 14. cxd5 Rc8
15. Be5 Qa3 16. dxe6 fxe6 17. O-O Nxc3 18. Bxc3 b4 19. Qe4 bxc3 20. Ra1 Qb3 21.
Bd3 g6 22. Qxa8 Nc6 23. Rab1 Qd5 24. Qb7 a5 25. Rbd1 Nb4 26. Be4 Qxb7 27. Bxb7
Rc7 28. Be4 c2 29. Ra1 Na2 30. Bxc2 Rxc2 31. Rfd1 Ba4 32. Rd2 Rc1+ 33. Rxc1
Nxc1 34. Rd8+ Kg7 35. Ra8 Nb3 36. Nd4 Nxd4 37. exd4 h5 38. Rxa5 Bb3 39. h4 Kf6
40. Rg5 Bc4 41. Kh2 Bb3 42. Kg3 Bc4 43. Kf4 Bb3 44. g3 Bc4 45. Rc5 Ba2 46. f3
Bb3 47. g4 hxg4 48. fxg4 Ba2 49. Rc7 g5+ 50. hxg5+ Kg6 51. Ke5 Kxg5 52. Rg7+
Kh6 53. Re7 Kg6 54. Rxe6+ Kf7 55. Ra6 Bc4 56. Ra7+ Ke8 57. d5 Be2 58. g5 Bh5
59. Kf6 Bf3 60. d6 Bd5 61. Re7+ Kd8 62. g6 Bc6 63. g7 Bd5 64. Rf7 1-0

[Event "CAN op"]
[Site "Calgary CAN"]
[Date "2023.07.24"]
[Round "4.15"]
[White "Song, Ethan"]
[Black "Li, Adam"]
[Result "1-0"]
[WhiteElo "2255"]
[BlackElo "1988"]
[PlyCount "93"]
[EventDate "2023.07.22"]
[EventType "swiss"]
[EventRounds "10"]
[EventCountry "CAN"]

1. e4 e5 2. Nf3 Nc6 3. Bc4 Bc5 4. d3 Nf6 5. c3 d6 6. Nbd2 h6 7. h3 a6 8. a4 Ba7
9. Rb1 Qe7 10. b4 Nd8 11. b5 axb5 12. axb5 Be6 13. Bxe6 Qxe6 14. Qe2 d5 15. c4
dxe4 16. Nxe4 O-O 17. Nxf6+ Qxf6 18. O-O Bd4 19. Nxd4 exd4 20. Qe4 Ra7 21. Bf4
c5 22. Bb8 Ra3 23. Bc7 Qg6 24. Qxg6 fxg6 25. Bd6 Re8 26. Rfd1 Ne6 27. Kh2 Kf7
28. Rb2 Rea8 29. Re2 Ra2 30. Rdd2 Rxd2 31. Rxd2 g5 32. Kg3 Kf6 33. Kf3 Rd8 34.
Bh2 Ra8 35. Ke4 Ke7 36. Be5 Kd7 37. g3 g6 38. Kd5 b6 39. Re2 g4 40. hxg4 Ng5
41. Bd6 Ra3 42. Re7+ Kd8 43. Kc6 Rxd3 44. Re5 Nf7 45. Bc7+ Kc8 46. Re8+ Nd8+
47. Rxd8# 1-0

[Event "CAN op"]
[Site "Calgary CAN"]
[Date "2023.07.24"]
[Round "4.16"]
[White "Wu, Jonathan"]
[Black "Campbell, Ryan"]
[Result "0-1"]
[WhiteElo "2075"]
[BlackElo "2228"]
[PlyCount "148"]
[EventDate "2023.07.22"]
[EventType "swiss"]
[EventRounds "10"]
[EventCountry "CAN"]

1. e4 c6 2. d4 d5 3. e5 Bf5 4. h4 h5 5. Bd3 Bxd3 6. Qxd3 Qa5+ 7. Nd2 e6 8. Ngf3
Qa6 9. c4 Nh6 10. O-O Nf5 11. b3 Nd7 12. a4 Rd8 13. Qc2 Be7 14. g3 O-O 15. Rd1
Rc8 16. c5 b6 17. b4 bxc5 18. bxc5 Rb8 19. Nf1 Rb4 20. Ne3 Nxe3 21. Bxe3 Rfb8
22. Rdb1 Qb7 23. Rxb4 Qxb4 24. Nd2 Qa5 25. Rb1 Qc7 26. Rxb8+ Qxb8 27. Qd1 Qb4
28. Qb3 Qxb3 29. Nxb3 Bd8 30. Bd2 Kf8 31. f4 Ke8 32. Kf2 Nf8 33. Ba5 Ng6 34.
Bxd8 Kxd8 35. Kf3 Ne7 36. Ke3 Nf5+ 37. Kf3 Ke7 38. Kf2 Kd7 39. Kf3 Kc7 40. Kf2
Kb7 41. Kf3 Ka6 42. Kf2 Nh6 43. Kf3 Kb7 44. Na5+ Kc7 45. Nb3 Nf5 46. Kf2 Kd8
47. Kf3 Ke8 48. Kf2 Kf8 49. Kf3 Kg8 50. Kf2 Kh7 51. Kf3 Kg6 52. Kf2 f6 53. Kf3
Kh7 54. Kf2 Kh6 55. exf6 gxf6 56. Kf3 Kg6 57. Kf2 Kf7 58. Kf3 Ke7 59. g4 hxg4+
60. Kxg4 Kf7 61. Kh5 Kg7 62. Kg4 Kg6 63. h5+ Kh6 64. a5 a6 65. Nc1 Nxd4 66. Nd3
Nb3 67. Nb4 Nxa5 68. Nxa6 Nb3 69. Nb4 Nd4 70. Nd3 f5+ 71. Kh4 Ne2 72. Ne5 Nxf4
73. Nxc6 Nd3 74. Ne5 Nxe5 0-1

[Event "CAN op"]
[Site "Calgary CAN"]
[Date "2023.07.24"]
[Round "4.17"]
[White "Singh Dhaliwal, Jaipreet"]
[Black "Gao, Raymond"]
[Result "1/2-1/2"]
[WhiteElo "2028"]
[BlackElo "2222"]
[PlyCount "57"]
[EventDate "2023.07.22"]
[EventType "swiss"]
[EventRounds "10"]
[EventCountry "CAN"]

1. e4 c5 2. Nf3 d6 3. d4 cxd4 4. Nxd4 Nf6 5. Nc3 a6 6. Be3 e5 7. Nb3 Be6 8. f3
Be7 9. Qd2 Nbd7 10. O-O-O h5 11. Kb1 b5 12. Nd5 Bxd5 13. exd5 Nb6 14. Bxb6 Qxb6
15. Na5 Rc8 16. Nc6 Nxd5 17. Nxe7 Nxe7 18. Qxd6 Qxd6 19. Rxd6 Nc6 20. c3 Ke7
21. Rd2 Rhd8 22. Rxd8 Rxd8 23. Kc2 Na5 24. Bd3 Nc4 25. Bxc4 bxc4 26. Rd1 Rxd1
27. Kxd1 Kd6 28. b4 f5 29. a4 1/2-1/2

[Event "CAN op"]
[Site "Calgary CAN"]
[Date "2023.07.24"]
[Round "4.18"]
[White "Yang, Ryan"]
[Black "Douglas, Richard"]
[Result "1-0"]
[WhiteElo "2217"]
[BlackElo "1950"]
[PlyCount "75"]
[EventDate "2023.07.22"]
[EventType "swiss"]
[EventRounds "10"]
[EventCountry "CAN"]

1. e4 Nf6 2. e5 Nd5 3. d4 d6 4. c4 Nb6 5. f4 dxe5 6. fxe5 Nc6 7. Be3 Bf5 8. Nf3
e6 9. Be2 Bb4+ 10. Nbd2 h6 11. a3 Be7 12. b4 Bg5 13. Nxg5 hxg5 14. Nb3 g4 15.
b5 Nb8 16. O-O Be4 17. g3 N8d7 18. Nd2 Bg6 19. Bxg4 Bd3 20. Be2 Bf5 21. Rf2 Qe7
22. Bf3 Rb8 23. c5 Nc8 24. Be4 Bh3 25. Qc2 Nf8 26. Nf3 Rh5 27. Qd2 f5 28. exf6
gxf6 29. Nh4 Qg7 30. Ng2 Bxg2 31. Bxg2 b6 32. Raf1 f5 33. Qe2 Rh8 34. Bf4 Qh7
35. Bc6+ Kd8 36. d5 Ne7 37. d6 cxd6 38. cxd6 1-0

[Event "CAN op"]
[Site "Calgary CAN"]
[Date "2023.07.24"]
[Round "4.19"]
[White "Kostadinov, Georgi"]
[Black "Zhong, April"]
[Result "1-0"]
[WhiteElo "2203"]
[BlackElo "1938"]
[PlyCount "79"]
[EventDate "2023.07.22"]
[EventType "swiss"]
[EventRounds "10"]
[EventCountry "CAN"]

1. c4 e6 2. Nc3 d5 3. d4 Nf6 4. Nf3 dxc4 5. e3 a6 6. a4 c5 7. Bxc4 Nc6 8. O-O
Qc7 9. Qc2 Be7 10. Rd1 O-O 11. b3 b6 12. Bb2 Bb7 13. d5 exd5 14. Nxd5 Nxd5 15.
Bxd5 Rad8 16. Qc4 Bc8 17. Rac1 Na5 18. Qc2 Bb7 19. Be5 Qc8 20. e4 Bxd5 21. exd5
Nb7 22. Qe2 Bd6 23. Qxa6 Qc7 24. Bxd6 Rxd6 25. Rd3 Rfd8 26. Rcd1 Qe7 27. h3 Na5
28. Qb5 Qb7 29. Ne5 Qc7 30. Nc4 Nxc4 31. bxc4 Ra8 32. Re3 Qb8 33. Rde1 Rd8 34.
d6 h6 35. d7 Kh7 36. Qc6 Ra7 37. Re8 Rc7 38. Qe4+ g6 39. Qe7 Kg7 40. Qf8+ 1-0

[Event "CAN op"]
[Site "Calgary CAN"]
[Date "2023.07.24"]
[Round "4.20"]
[White "Mok, Gillian"]
[Black "Haessel, Dale"]
[Result "0-1"]
[WhiteElo "1999"]
[BlackElo "2201"]
[PlyCount "90"]
[EventDate "2023.07.22"]
[EventType "swiss"]
[EventRounds "10"]
[EventCountry "CAN"]

1. e4 e5 2. Nf3 Nc6 3. Nc3 Nf6 4. Bb5 Nd4 5. Bc4 Bc5 6. O-O d6 7. h3 O-O 8.
Nxd4 Bxd4 9. d3 c6 10. Bg5 h6 11. Bh4 b5 12. Bb3 a5 13. a4 b4 14. Ne2 Bb6 15.
Kh2 g5 16. Bg3 Nh5 17. d4 Nf4 18. Bxf4 gxf4 19. dxe5 dxe5 20. g3 Ba6 21. c4
bxc3 22. gxf4 Qxd1 23. Bxd1 cxb2 24. Rb1 Bxe2 25. Bxe2 Bd4 26. fxe5 Bxe5+ 27.
f4 Bd4 28. Rfd1 Rfd8 29. Rd3 Rab8 30. Rg3+ Kf8 31. Bd3 Rb4 32. Bc2 Be3 33. Rxe3
Rd2+ 34. Kg3 Rxc2 35. Ree1 Rb6 36. Kg4 c5 37. Kf5 c4 38. e5 c3 39. e6 fxe6+ 40.
Kf6 Rf2 41. Rbd1 Rd2 42. Rxd2 cxd2 43. Rb1 Rb8 44. Kxe6 d1=Q 45. Rxd1 b1=Q 0-1

[Event "CAN op"]
[Site "Calgary CAN"]
[Date "2023.07.24"]
[Round "4.21"]
[White "Tolentino, Patrick Angelo"]
[Black "Jackson, Mateo"]
[Result "1-0"]
[WhiteElo "2201"]
[BlackElo "1914"]
[PlyCount "85"]
[EventDate "2023.07.22"]
[EventType "swiss"]
[EventRounds "10"]
[EventCountry "CAN"]

1. d4 Nf6 2. c4 c5 3. d5 b5 4. cxb5 a6 5. e3 d6 6. Nc3 g6 7. a4 Nbd7 8. bxa6
Bxa6 9. Bxa6 Rxa6 10. Nf3 Bg7 11. O-O O-O 12. e4 Qb6 13. Qe2 Rfa8 14. Bd2 Ng4
15. Rfb1 Nge5 16. Nxe5 Nxe5 17. f4 Nd7 18. Kh1 Qb3 19. Be1 Nb6 20. Ra3 Qc4 21.
b3 Qxe2 22. Nxe2 c4 23. a5 c3 24. Bxc3 Bxc3 25. Nxc3 Rxa5 26. Rxa5 Rxa5 27. Kg1
Rc5 28. Na4 Nxa4 29. bxa4 Rc4 30. Ra1 Rxe4 31. a5 Rb4 32. a6 Rb8 33. a7 Ra8 34.
Kf2 Kf8 35. g4 Ke8 36. f5 Kd7 37. Kf3 g5 38. f6 e6 39. Ke4 Kc7 40. dxe6 fxe6
41. f7 Kb7 42. Rb1+ Kxa7 43. Ra1+ 1-0

[Event "CAN op"]
[Site "Calgary CAN"]
[Date "2023.07.24"]
[Round "4.22"]
[White "Vasic, Maxim"]
[Black "MacLeod, Damon"]
[Result "1-0"]
[WhiteElo "2200"]
[BlackElo "1889"]
[PlyCount "51"]
[EventDate "2023.07.22"]
[EventType "swiss"]
[EventRounds "10"]
[EventCountry "CAN"]

1. c4 c6 2. d4 d5 3. Nf3 Nf6 4. Nc3 dxc4 5. a4 Bf5 6. e3 e6 7. Bxc4 Bb4 8. O-O
O-O 9. Qe2 Bg6 10. Rd1 Nbd7 11. Ne5 Qc7 12. Nxg6 hxg6 13. e4 e5 14. d5 Nb6 15.
Bb3 a5 16. Be3 Rad8 17. Rac1 Bxc3 18. Rxc3 Nxe4 19. Rcc1 Nc8 20. dxc6 Rxd1+ 21.
Qxd1 bxc6 22. Bd5 Rd8 23. Qb3 Ncd6 24. Bb6 Nd2 25. Bxc7 Nxb3 26. Bxb3 1-0

[Event "CAN op"]
[Site "Calgary CAN"]
[Date "2023.07.24"]
[Round "4.23"]
[White "Taylor, Ashton"]
[Black "Chandra, Anand Rishi"]
[Result "1/2-1/2"]
[WhiteElo "1969"]
[BlackElo "2199"]
[PlyCount "166"]
[EventDate "2023.07.22"]
[EventType "swiss"]
[EventRounds "10"]
[EventCountry "CAN"]

1. d4 d5 2. c4 e6 3. Nf3 Nf6 4. g3 Be7 5. Bg2 O-O 6. O-O b6 7. cxd5 exd5 8. Nc3
Bb7 9. Bf4 a6 10. Rc1 Nbd7 11. Ne5 h6 12. Nxd7 Qxd7 13. Bxc7 Qxc7 14. Nxd5 Qd6
15. Nxf6+ Bxf6 16. Bxb7 Ra7 17. Bf3 Qxd4 18. Qxd4 Bxd4 19. b3 Bc5 20. Rfd1 a5
21. Bc6 Re7 22. e3 Kh7 23. Kg2 f5 24. Rd3 g5 25. Rc2 Kg6 26. h3 h5 27. Rcd2 Bb4
28. Rd1 Rc7 29. Bb5 Rc2 30. a4 f4 31. exf4 gxf4 32. Rf3 Rb2 33. gxf4 h4 34. Rd5
Kh6 35. Rg5 Rxf4 36. Rxf4 Kxg5 37. Rg4+ Kf5 38. Bd3+ Ke5 39. Re4+ Kf6 40. Rxh4
Rxb3 41. Rf4+ Kg5 42. Rf3 Bc5 43. Rf8 Kh6 44. Bb5 Kg6 45. Rf3 Rb4 46. Be8+ Kg5
47. Bb5 Rb2 48. Rf7 Rd2 49. Be8 Rc2 50. Bd7 Rd2 51. Bc6 Ra2 52. Kg3 Ra3+ 53.
Rf3 Bd6+ 54. Kg2 Ra2 55. Be8 Bc5 56. Bc6 Rc2 57. Be4 Rc4 58. Rf5+ Kh6 59. Bc6
Rc2 60. Bb5 Kg6 61. Bd3 Rd2 62. Rxc5+ Rxd3 63. Rc6+ Kg7 64. Rxb6 Rd4 65. Ra6
Rxa4 66. Kg3 Ra1 67. Kg4 a4 68. f4 a3 69. Kf5 a2 70. h4 Rh1 71. Ra7+ Kf8 72.
Rxa2 Rxh4 73. Ra7 Rh6 74. Ke5 Rb6 75. f5 Rc6 76. Kf4 Rb6 77. Kg5 Rc6 78. Ra4
Rb6 79. Rc4 Ra6 80. Kf4 Rb6 81. Rc5 Ra6 82. Ke5 Rb6 83. f6 Rb1 1/2-1/2

[Event "CAN op"]
[Site "Calgary CAN"]
[Date "2023.07.24"]
[Round "4.24"]
[White "Darvekar, Yash"]
[Black "Henry, Liam"]
[Result "0-1"]
[WhiteElo "1886"]
[BlackElo "2172"]
[PlyCount "102"]
[EventDate "2023.07.22"]
[EventType "swiss"]
[EventRounds "10"]
[EventCountry "CAN"]

1. e4 c5 2. Nf3 d6 3. d4 cxd4 4. Nxd4 Nf6 5. Nc3 a6 6. f3 e5 7. Nb3 Be6 8. Be3
Nbd7 9. Qd2 b5 10. O-O-O h5 11. Nd5 Rc8 12. Kb1 Bxd5 13. exd5 Nb6 14. Bxb6 Qxb6
15. Be2 g6 16. Rhf1 Bh6 17. Qe1 Kf8 18. g4 hxg4 19. fxg4 Bf4 20. Rh1 Ne4 21.
Bxb5 Nf2 22. Bxa6 Rc7 23. Bd3 Nxh1 24. Qxh1 Rxh2 25. Qe4 Qf2 26. a4 Rg2 27. Na5
Rxg4 28. Nc6 Rg1 29. Rxg1 Qxg1+ 30. Ka2 Bd2 31. a5 Qc5 32. a6 f5 33. Qh1 Kg8
34. a7 Rxa7+ 35. Nxa7 Qxa7+ 36. Kb1 Qe3 37. Qg2 Kf7 38. Qh2 Kg7 39. Qg2 e4 40.
Bb5 Be1 41. Qe2 Qxe2 42. Bxe2 Kf6 43. Kc1 Ke5 44. Kd1 Ba5 45. c4 f4 46. Bg4 f3
47. b3 Kf4 48. Bh3 e3 49. Bf1 g5 50. c5 dxc5 51. d6 g4 0-1

[Event "CAN op"]
[Site "Calgary CAN"]
[Date "2023.07.24"]
[Round "4.25"]
[White "Wang, Patrick"]
[Black "Perelman, Leon"]
[Result "1-0"]
[WhiteElo "1622"]
[BlackElo "2129"]
[PlyCount "61"]
[EventDate "2023.07.22"]
[EventType "swiss"]
[EventRounds "10"]
[EventCountry "CAN"]

1. e4 c5 2. Nf3 e6 3. d4 cxd4 4. Nxd4 a6 5. Nc3 Qc7 6. Be3 Nf6 7. a3 b5 8. f3
Bb7 9. Qd2 d5 10. exd5 Nxd5 11. Nxd5 Bxd5 12. Be2 Bd6 13. f4 O-O 14. O-O-O Rd8
15. f5 b4 16. axb4 a5 17. bxa5 Rxa5 18. Qc3 Qxc3 19. bxc3 Ba3+ 20. Kb1 Na6 21.
Nc6 Nc5 22. Bxc5 Rxc5 23. Nxd8 Rc8 24. c4 Bxg2 25. Rhg1 Be4 26. fxe6 Bb4 27.
exf7+ Kf8 28. Ne6+ Kxf7 29. Ng5+ Kg8 30. Nxe4 Rb8 31. Ka2 1-0

[Event "CAN op"]
[Site "Calgary CAN"]
[Date "2023.07.24"]
[Round "4.26"]
[White "Aljo, Johan"]
[Black "Sembrano, Joshua"]
[Result "1-0"]
[WhiteElo "2124"]
[BlackElo "1825"]
[PlyCount "61"]
[EventDate "2023.07.22"]
[EventType "swiss"]
[EventRounds "10"]
[EventCountry "CAN"]

1. d4 d5 2. c4 c6 3. Nc3 Nf6 4. e3 e6 5. Nf3 Bd6 6. Be2 Nbd7 7. O-O O-O 8. b3
b6 9. Bb2 Bb7 10. Bd3 Re8 11. Re1 Qe7 12. e4 dxe4 13. Nxe4 Nxe4 14. Bxe4 Nf6
15. Bc2 Rad8 16. a3 Qf8 17. Qd3 e5 18. Ng5 h6 19. Nh7 e4 20. Nxf6+ gxf6 21.
Rxe4 Rxe4 22. Qxe4 Qg7 23. Re1 f5 24. Qf3 Ba8 25. Bxf5 c5 26. Be4 Bxe4 27. Rxe4
Kf8 28. g3 Qg6 29. d5 h5 30. Qf6 Re8 31. Qh8+ 1-0

[Event "CAN op"]
[Site "Calgary CAN"]
[Date "2023.07.24"]
[Round "4.27"]
[White "Ratte, Cameron"]
[Black "Srinivasan, Hemant"]
[Result "0-1"]
[WhiteElo "1848"]
[BlackElo "2200"]
[PlyCount "58"]
[EventDate "2023.07.22"]
[EventType "swiss"]
[EventRounds "10"]
[EventCountry "CAN"]

1. e4 c6 2. d4 d5 3. exd5 cxd5 4. Bd3 Nf6 5. c3 Bg4 6. Qb3 Qc7 7. h3 Bd7 8. Nf3
e6 9. O-O Bd6 10. Re1 Bc6 11. Nbd2 Nbd7 12. Qd1 a5 13. Qe2 Nh5 14. g3 Bxg3 15.
fxg3 Qxg3+ 16. Kh1 Nf4 17. Qf1 Nf6 18. Bb5 h5 19. Bxc6+ bxc6 20. Ne5 Ng4 21.
Re2 f6 22. Ne4 Nxe2 23. Nxg3 Nxg3+ 24. Kg2 Nxf1 25. Ng6 Nge3+ 26. Bxe3 Nxe3+
27. Kf3 Rh6 28. Nh4 Nf5 29. Nxf5 exf5 0-1

[Event "CAN op"]
[Site "Calgary CAN"]
[Date "2023.07.24"]
[Round "4.28"]
[White "Yang, Henry"]
[Black "Sharma, Vishruth"]
[Result "0-1"]
[WhiteElo "1818"]
[BlackElo "2198"]
[PlyCount "118"]
[EventDate "2023.07.22"]
[EventType "swiss"]
[EventRounds "10"]
[EventCountry "CAN"]

1. d4 Nf6 2. c4 d6 3. Nc3 Nbd7 4. e4 e5 5. d5 Nc5 6. f3 a5 7. Be3 Be7 8. Bd3
Nxd3+ 9. Qxd3 O-O 10. Nge2 h6 11. O-O Nd7 12. b3 Bg5 13. Rfb1 g6 14. Qd2 f5 15.
Bxg5 hxg5 16. a3 f4 17. h3 Nf6 18. b4 g4 19. hxg4 Bxg4 20. Qe1 Bc8 21. Qh4 Kg7
22. Qf2 g5 23. b5 b6 24. Kf1 g4 25. Ke1 g3 26. Qf1 Rh8 27. Ra2 Rh2 28. Kd2 Nh7
29. Ng1 Qh4 30. Kd3 Ng5 31. Re2 Bd7 32. a4 Rh1 33. Ree1 Rh8 34. Qe2 Qh5 35. Rf1
Qg6 36. Kc2 R8h2 37. Kb3 Qh5 38. Rbe1 Nh7 39. Qd2 Nf8 40. Re2 Ng6 41. Nb1 Nh4
42. Nc3 Kf7 43. Nb1 Ke7 44. Nc3 Kd8 45. Ka3 Nxg2 46. Rxg2 Rxg2 47. Qxg2 Qh2 48.
Qe2 g2 49. Rf2 Rxg1 50. Na2 Bh3 51. c5 dxc5 52. d6 Qh1 53. dxc7+ Kxc7 54. Qc4
Rd1 55. Qf7+ Bd7 56. Qe7 g1=Q 57. Qxe5+ Kb7 58. Rc2 Qxf3+ 59. Rc3 Rd3 0-1

[Event "CAN op"]
[Site "Calgary CAN"]
[Date "2023.07.24"]
[Round "4.29"]
[White "Nguyen, Kim"]
[Black "Ntete, Cally"]
[Result "1-0"]
[WhiteElo "2145"]
[BlackElo "1650"]
[PlyCount "73"]
[EventDate "2023.07.22"]
[EventType "swiss"]
[EventRounds "10"]
[EventCountry "CAN"]

1. e4 e5 2. Nf3 d6 3. d4 exd4 4. Qxd4 Nc6 5. Bb5 Bd7 6. Bxc6 Bxc6 7. Bg5 f6 8.
Be3 Ne7 9. Nc3 Ng6 10. O-O-O Ne5 11. Nh4 g6 12. f4 Ng4 13. Bg1 Bg7 14. h3 Nh6
15. Nf3 O-O 16. Qc4+ Kh8 17. g4 f5 18. g5 Nf7 19. Nd5 fxe4 20. Qxe4 Re8 21. Qc4
Qd7 22. Bd4 Kg8 23. Bxg7 Bxd5 24. Qxd5 Kxg7 25. h4 Qe6 26. Qd4+ Kg8 27. h5 Qe3+
28. Qxe3 Rxe3 29. Nd4 d5 30. f5 Nxg5 31. fxg6 hxg6 32. hxg6 c6 33. Rh5 Nf3 34.
Nf5 Re1 35. Rxe1 Nxe1 36. Rh7 Re8 37. Nh6+ 1-0